[Event "2016 Battle of Alberta "]
[Site "Red Deer"]
[Date "2016.09.10"]
[Round "1.1"]
[White "Banerjee, Bitan"]
[Black "Ng, Gary"]
[Result "1/2-1/2"]
[WhiteElo "2411"]
[BlackElo "2351"]
[PlyCount "57"]
[EventDate "2016.09.10"]
[EventType "team-match"]
[EventRounds "2"]
[EventCountry "CAN"]
[WhiteTeam "North"]
[BlackTeam "South"]

1. d4 Nf6 2. Bg5 e6 3. e4 h6 4. Bxf6 Qxf6 5. c3 c5 6. Nf3 cxd4 7. cxd4 Bb4+ 8.
Nc3 O-O 9. e5 Qe7 10. Bd3 d6 11. Qe2 Nd7 12. Rc1 dxe5 13. dxe5 Nc5 14. Bc4 a6
15. a3 Bxc3+ 16. Rxc3 b5 17. Ba2 Bb7 18. O-O Na4 19. Re3 Rfd8 20. Ne1 Bd5 21.
b3 Qxa3 22. Bb1 Nc5 23. Rg3 Qb4 24. Qh5 Kh8 25. Nc2 Qd2 26. Qg4 Qg5 27. Qb4 Qe7
28. Qg4 Qg5 29. Qb4 1/2-1/2

[Event "2016 Battle of Alberta "]
[Site "Red Deer"]
[Date "2016.09.10"]
[Round "1.2"]
[White "Haessel, Dale"]
[Black "Arruebarrena, Rafael"]
[Result "1-0"]
[WhiteElo "2316"]
[BlackElo "2356"]
[PlyCount "67"]
[EventDate "2016.09.10"]
[EventType "team-match"]
[EventRounds "2"]
[EventCountry "CAN"]
[WhiteTeam "South"]
[BlackTeam "North"]

1. d4 Nf6 2. c4 g6 3. Nc3 d5 4. cxd5 Nxd5 5. e4 Nxc3 6. bxc3 Bg7 7. Qa4+ Qd7 8.
Qb3 O-O 9. Be3 b6 10. f3 Ba6 11. Bxa6 Nxa6 12. Rd1 c5 13. Ne2 cxd4 14. cxd4
Rac8 15. O-O Rfd8 16. Qa3 Nc7 17. Qxa7 Ra8 18. Qxb6 Rdb8 19. Qc5 Rxa2 20. Nc3
Rc2 21. Rf2 Rxf2 22. Bxf2 Ne6 23. Qc4 Rb2 24. Nd5 Qb7 25. Qc8+ Bf8 26. Qxb7
Rxb7 27. Kf1 Bg7 28. Rd2 Nf8 29. Bh4 e6 30. Nf6+ Kh8 31. Ra2 h6 32. f4 Bxf6 33.
Bxf6+ Kh7 34. Ra8 1-0

[Event "2016 Battle of Alberta "]
[Site "Red Deer"]
[Date "2016.09.10"]
[Round "1.3"]
[White "Valencia, Belsar"]
[Black "Kazmaier, Daniel"]
[Result "1-0"]
[WhiteElo "2344"]
[BlackElo "2292"]
[PlyCount "41"]
[EventDate "2016.09.10"]
[EventType "team-match"]
[EventRounds "2"]
[EventCountry "CAN"]
[WhiteTeam "North"]
[BlackTeam "South"]

1. Nf3 c5 2. c4 d6 3. d4 cxd4 4. Nxd4 e5 5. Nc2 f5 6. Nc3 Nf6 7. Bg5 Be6 8. Ne3
Be7 9. g3 O-O 10. Bg2 Nc6 11. O-O e4 12. Rc1 Ne5 13. b3 Nf7 14. Bxf6 Bxf6 15.
Ned5 Bg5 16. Rc2 Ne5 17. Nb5 Rf7 18. f4 exf3 19. exf3 a6 20. Nxd6 Qxd6 21. Nf6+
1-0

[Event "2016 Battle of Alberta "]
[Site "Red Deer"]
[Date "2016.09.10"]
[Round "1.4"]
[White "Shi, Diwen"]
[Black "Reeve, Jeff"]
[Result "1-0"]
[WhiteElo "2259"]
[BlackElo "2329"]
[PlyCount "101"]
[EventDate "2016.09.10"]
[EventType "team-match"]
[EventRounds "2"]
[EventCountry "CAN"]
[WhiteTeam "South"]
[BlackTeam "North"]

1. e4 c5 2. Nf3 d6 3. d4 cxd4 4. Nxd4 Nf6 5. Nc3 Nc6 6. Bg5 e6 7. Qd2 a6 8.
O-O-O Bd7 9. f4 b5 10. a3 Qb6 11. Bxf6 gxf6 12. Bxb5 axb5 13. Ndxb5 Na5 14.
Nxd6+ Qxd6 15. Qxd6 Bxd6 16. Rxd6 Ke7 17. Rhd1 Rhd8 18. R6d4 Bc6 19. b3 Rxd4
20. Rxd4 Rd8 21. Rxd8 Kxd8 22. Kd2 Kc7 23. g4 Nb7 24. Kd3 Nd6 25. b4 f5 26.
gxf5 exf5 27. e5 Ne8 28. Ne2 Ng7 29. Ng3 Bf3 30. Ke3 Bg4 31. Ne2 Bxe2 32. Kxe2
Ne6 33. Ke3 Nf8 34. c4 Nd7 35. Kd4 Nf8 36. Ke3 Kc6 37. a4 Ne6 38. a5 Nc7 39.
Kd4 Ne6+ 40. Ke3 Nc7 41. Kf3 Ne6 42. Kg3 h6 43. a6 Kb6 44. b5 Kc5 45. Kh4 Kb6
46. Kh5 Nxf4+ 47. Kxh6 Ne6 48. Kh5 Kc5 49. a7 Nc7 50. Kg5 Na8 51. h4 1-0

[Event "2016 Battle of Alberta "]
[Site "Red Deer"]
[Date "2016.09.10"]
[Round "1.5"]
[White "MacKinnon, Keith"]
[Black "Findlay, Ian"]
[Result "1/2-1/2"]
[WhiteElo "2270"]
[BlackElo "2253"]
[PlyCount "65"]
[EventDate "2016.09.10"]
[EventType "team-match"]
[EventRounds "2"]
[EventCountry "CAN"]
[WhiteTeam "North"]
[BlackTeam "South"]

1. e4 c5 2. Nf3 d6 3. d4 cxd4 4. Nxd4 Nf6 5. Nc3 g6 6. Be3 Bg7 7. f3 O-O 8. Qd2
Nc6 9. g4 Be6 10. Nxe6 fxe6 11. O-O-O Ne5 12. Be2 Qc8 13. h4 Nfd7 14. f4 Nc4
15. Bxc4 Qxc4 16. e5 Rfd8 17. exd6 Nf6 18. Qg2 exd6 19. h5 Rac8 20. hxg6 hxg6
21. Bd4 e5 22. fxe5 dxe5 23. Bxe5 Qxg4 24. Qh2 Qh5 25. Qg3 Rxd1+ 26. Rxd1 Re8
27. Bf4 a6 28. Rg1 Kf7 29. Qd3 Qf5 30. Qxf5 gxf5 31. Rg5 Ne4 32. Rxf5+ Ke6 33.
Rh5 1/2-1/2

[Event "2016 Battle of Alberta "]
[Site "Red Deer"]
[Date "2016.09.10"]
[Round "1.6"]
[White "Robichaud, Martin"]
[Black "Gardner, Robert"]
[Result "0-1"]
[WhiteElo "2202"]
[BlackElo "2250"]
[PlyCount "124"]
[EventDate "2016.09.10"]
[EventType "team-match"]
[EventRounds "2"]
[EventCountry "CAN"]
[WhiteTeam "South"]
[BlackTeam "North"]

1. e4 c5 2. c3 Nf6 3. e5 Nd5 4. d4 cxd4 5. cxd4 e6 6. Nc3 Nxc3 7. bxc3 Qc7 8.
Bd2 d6 9. exd6 Bxd6 10. Nf3 O-O 11. Bd3 Bf4 12. O-O Nd7 13. Re1 Nf6 14. Ne5
Bxd2 15. Qxd2 b6 16. Re3 Bb7 17. Rae1 Nd5 18. Rh3 f5 19. Bc4 Rac8 20. Qg5 Rf6
21. Rg3 h6 22. Qh4 g5 23. f4 Rg6 24. fxg5 hxg5 25. Rxg5 Rxg5 26. Qxg5+ Qg7 27.
Qxg7+ Kxg7 28. Rc1 Nf4 29. g3 Rxc4 30. gxf4 Ra4 31. Rc2 Be4 32. Rd2 b5 33. Nd7
Ra3 34. Nc5 Bd5 35. Nb3 a5 36. Rb2 a4 37. Nc5 Bc4 38. Rg2+ Kf7 39. Nd7 Rxa2 40.
Ne5+ Kf8 41. Rg6 Bd5 42. Rf6+ Ke8 43. Rg6 a3 44. Rg8+ Ke7 45. Rg7+ Kf8 46. Ra7
Ra1+ 47. Kf2 a2 48. Nd7+ Ke8 49. Nf6+ Kd8 50. Nxd5 Rh1 51. Nc7 a1=Q 52. Nxe6+
Kc8 53. Rxa1 Rxa1 54. Ng7 Rc1 55. Nxf5 Kd7 56. Ke3 Rxc3+ 57. Ke4 b4 58. Ne3 b3
59. Nd1 Rc1 60. Nb2 Rc2 61. Na4 b2 62. Nxb2 Rxb2 0-1

[Event "2016 Battle of Alberta "]
[Site "Red Deer"]
[Date "2016.09.10"]
[Round "1.7"]
[White "Caldera, Anuar"]
[Black "Rekhson, Vladislav"]
[Result "1/2-1/2"]
[WhiteElo "2245"]
[BlackElo "2201"]
[PlyCount "138"]
[EventDate "2016.09.10"]
[EventType "team-match"]
[EventRounds "2"]
[EventCountry "CAN"]
[WhiteTeam "North"]
[BlackTeam "South"]

1. d4 Nf6 2. Bf4 e6 3. e3 c5 4. c3 b6 5. Nf3 Be7 6. h3 O-O 7. Nbd2 d6 8. Be2
Bb7 9. O-O Nbd7 10. a4 cxd4 11. cxd4 Nd5 12. Bh2 a6 13. Qb3 f5 14. e4 fxe4 15.
Nxe4 N7f6 16. Nfg5 Nxe4 17. Nxe4 Kh8 18. Bg4 Nf4 19. Rfe1 Bd5 20. Qd1 Qe8 21.
Bxf4 Rxf4 22. Nc3 Qf7 23. Nxd5 exd5 24. g3 Re4 25. Qc2 Rf8 26. f4 Rxd4 27. Re6
h5 28. Rae1 Bf6 29. Bf3 h4 30. Qf5 Rxa4 31. Qxd5 hxg3 32. Re8 Qxd5 33. Bxd5
Rxe8 34. Rxe8+ Kh7 35. Be4+ g6 36. Kg2 Bxb2 37. Kxg3 Bc1 38. Re6 Bxf4+ 39. Kf3
Be5 40. Bxg6+ Kg7 41. Be4 Ra3+ 42. Kg4 Rg3+ 43. Kh4 Rg1 44. Re7+ Kf6 45. Rb7
Rf1 46. Bd3 b5 47. Bxf1 Bd4 48. Kg4 Ke5 49. h4 Kd5 50. h5 Be3 51. Re7 Bc1 52.
Ra7 b4 53. Rxa6 b3 54. Rb6 b2 55. Bd3 Kc5 56. Rb5+ Kd4 57. Bg6 Kc4 58. Rg5 Bxg5
59. Kxg5 d5 60. h6 d4 61. h7 d3 62. Bf7+ Kc5 63. h8=Q b1=Q 64. Qc8+ Kd6 65.
Qe6+ Kc7 66. Qe7+ Kb6 67. Qd8+ Ka7 68. Qd4+ Kb8 69. Qd8+ Ka7 1/2-1/2

[Event "2016 Battle of Alberta "]
[Site "Red Deer"]
[Date "2016.09.10"]
[Round "1.8"]
[White "Leuchanka, Siarhei"]
[Black "Villavieja, Butch"]
[Result "0-1"]
[WhiteElo "2198"]
[BlackElo "2166"]
[PlyCount "86"]
[EventDate "2016.09.10"]
[EventType "team-match"]
[EventRounds "2"]
[EventCountry "CAN"]
[WhiteTeam "South"]
[BlackTeam "North"]

1. d4 Nf6 2. c4 g6 3. Nc3 Bg7 4. e4 d6 5. f3 O-O 6. Be3 Nc6 7. Nge2 a6 8. Qd2
Rb8 9. Nc1 e5 10. d5 Nd4 11. Nb3 Nxb3 12. axb3 c5 13. b4 cxb4 14. Na4 b5 15.
cxb5 axb5 16. Qxb4 Nh5 17. O-O-O f5 18. Nc3 Rf7 19. Kb1 Rfb7 20. g3 Nf6 21. Bd3
fxe4 22. Nxe4 Nxe4 23. Bxe4 Ra8 24. b3 Ra4 25. bxa4 bxa4 26. Qxb7 Bxb7 27. Rd2
Qa5 28. Rc1 Ba6 29. Rb2 a3 30. Rb3 Qa4 31. Rb8+ Kf7 32. Rc3 Bb5 33. Bc2 Qb4+
34. Rb3 Qe1+ 35. Ka2 Bc4 36. R8b7+ Kf6 37. Bb6 Kg5 38. h4+ Kh6 39. Bd8 Bxb3+
40. Kxa3 Bf6 41. Bxf6 Qa5+ 42. Kxb3 Qxd5+ 43. Kc3 Qxb7 0-1

[Event "2016 Battle of Alberta "]
[Site "Red Deer"]
[Date "2016.09.10"]
[Round "1.9"]
[White "Hughey, Micah"]
[Black "Boehmer, Kris"]
[Result "1/2-1/2"]
[WhiteElo "2117"]
[BlackElo "2191"]
[PlyCount "37"]
[EventDate "2016.09.10"]
[EventType "team-match"]
[EventRounds "2"]
[EventCountry "CAN"]
[WhiteTeam "North"]
[BlackTeam "South"]

1. e4 c5 2. c3 Nf6 3. e5 Nd5 4. d4 cxd4 5. Nf3 Nc6 6. Bc4 e6 7. cxd4 d6 8. O-O
Be7 9. Qe2 O-O 10. Rd1 Na5 11. Bxd5 exd5 12. Nc3 Be6 13. b3 Rc8 14. Nb5 dxe5
15. dxe5 Nc6 16. Be3 a6 17. Nbd4 Nxd4 18. Nxd4 Qd7 19. f4 1/2-1/2

[Event "2016 Battle of Alberta "]
[Site "Red Deer"]
[Date "2016.09.10"]
[Round "1.10"]
[White "Tam, Erik"]
[Black "Kalisvaart, Peter"]
[Result "1-0"]
[WhiteElo "2142"]
[BlackElo "2107"]
[PlyCount "49"]
[EventDate "2016.09.10"]
[EventType "team-match"]
[EventRounds "2"]
[EventCountry "CAN"]
[WhiteTeam "South"]
[BlackTeam "North"]

1. e4 e5 2. Nf3 Nc6 3. Bb5 Nd4 4. Nxd4 exd4 5. O-O c6 6. Bc4 Nf6 7. Re1 Bc5 8.
e5 Nd5 9. Bxd5 cxd5 10. b4 Bxb4 11. Qg4 O-O 12. Qxd4 Qb6 13. Qxd5 Bc5 14. Qf3
d6 15. Nc3 dxe5 16. Na4 Qc7 17. Nxc5 Qxc5 18. Ba3 Qxc2 19. Bxf8 Kxf8 20. Rxe5
Qb2 21. Rae1 Bd7 22. Re7 Be8 23. Rxb7 Qxa2 24. Rbe7 Rd8 25. Qe4 1-0

[Event "2016 Battle of Alberta "]
[Site "Red Deer"]
[Date "2016.09.10"]
[Round "1.11"]
[White "Briones, Dante"]
[Black "Malek, Omid"]
[Result "1/2-1/2"]
[WhiteElo "1998"]
[BlackElo "2126"]
[PlyCount "116"]
[EventDate "2016.09.10"]
[EventType "team-match"]
[EventRounds "2"]
[EventCountry "CAN"]
[WhiteTeam "North"]
[BlackTeam "South"]

1. c4 c5 2. Nf3 Nf6 3. Nc3 Nc6 4. d4 cxd4 5. Nxd4 e5 6. Ndb5 d6 7. Bg5 a6 8.
Na3 Be7 9. Qd2 Be6 10. e3 Qc7 11. Be2 Rd8 12. Bxf6 Bxf6 13. Nd5 Bxd5 14. cxd5
Nb8 15. Rc1 Qe7 16. Rc4 b5 17. Rc2 O-O 18. O-O Bg5 19. Rfc1 f5 20. Rc7 Qf6 21.
f4 Bh6 22. g3 g5 23. Bh5 gxf4 24. exf4 exf4 25. Re1 fxg3 26. Qg2 Nd7 27. Qxg3+
Kh8 28. Re6 Rg8 29. Rxf6 Rxg3+ 30. hxg3 Nxf6 31. Bf7 Ne4 32. Kg2 Bg7 33. Be6
Rf8 34. Ra7 Bxb2 35. Rxa6 Nc5 36. Ra5 Bxa3 37. Rxa3 Nxe6 38. dxe6 Re8 39. Re3
Kg7 40. Kf3 Kf6 41. Rb3 Kxe6 42. Rxb5 Ra8 43. Rb7 h5 44. Rh7 Rxa2 45. Rxh5 Ra3+
46. Kf4 Ra4+ 47. Kf3 Ke5 48. Rh8 Ra3+ 49. Kf2 d5 50. Re8+ Kd4 51. Rf8 Ra2+ 52.
Kf3 Ra1 53. Rxf5 Rf1+ 54. Kg4 Rxf5 55. Kxf5 Ke3 56. g4 d4 57. g5 d3 58. g6 d2
1/2-1/2

[Event "2016 Battle of Alberta "]
[Site "Red Deer"]
[Date "2016.09.10"]
[Round "1.12"]
[White "Nguyen, Kim"]
[Black "Zeggelaar, Mike"]
[Result "1-0"]
[WhiteElo "2103"]
[BlackElo "1994"]
[PlyCount "65"]
[EventDate "2016.09.10"]
[EventType "team-match"]
[EventRounds "2"]
[EventCountry "CAN"]
[WhiteTeam "South"]
[BlackTeam "North"]

1. c4 Nf6 2. Nc3 e6 3. Nf3 d5 4. d4 c6 5. e3 Be7 6. Bd3 dxc4 7. Bxc4 O-O 8. O-O
Nbd7 9. Qe2 Qc7 10. e4 e5 11. dxe5 Nxe5 12. Nxe5 Qxe5 13. f4 Qh5 14. Qxh5 Nxh5
15. Be3 Nf6 16. h3 b5 17. Bd3 Rd8 18. Rfd1 Bb7 19. e5 Nd7 20. Be4 Nc5 21. Bc2
a5 22. Ne4 Nxe4 23. Bxe4 Rxd1+ 24. Rxd1 Rd8 25. Rxd8+ Bxd8 26. Bc5 g5 27. f5
Kg7 28. Kf2 h5 29. g4 hxg4 30. hxg4 Ba8 31. Ke3 Bb7 32. f6+ Kg8 33. Bf5 1-0

[Event "2016 Battle of Alberta "]
[Site "Red Deer"]
[Date "2016.09.10"]
[Round "2.1"]
[White "Ng, Gary"]
[Black "Banerjee, Bitan"]
[Result "0-1"]
[WhiteElo "2351"]
[BlackElo "2411"]
[PlyCount "84"]
[EventDate "2016.09.10"]
[EventType "team-match"]
[EventRounds "2"]
[EventCountry "CAN"]
[WhiteTeam "South"]
[BlackTeam "North"]

1. d4 Nf6 2. c4 c5 3. Nf3 cxd4 4. Nxd4 e5 5. Nc2 d5 6. cxd5 Qxd5 7. Qxd5 Nxd5
8. e4 Nb4 9. Nxb4 Bxb4+ 10. Bd2 Bxd2+ 11. Nxd2 Ke7 12. Bc4 Be6 13. Bxe6 Kxe6
14. Rc1 Na6 15. Ke2 Rac8 16. Nb3 g6 17. Rhd1 b6 18. a3 Nb8 19. Ke3 Nd7 20. f4
exf4+ 21. Kxf4 Ke7 22. Nd4 Nc5 23. Ke3 Rhd8 24. b4 Ne6 25. Nxe6 Kxe6 26. Rxc8
Rxc8 27. Rd3 Rc2 28. Kf3 h5 29. h4 Ra2 30. g3 f6 31. Ke3 g5 32. hxg5 fxg5 33.
Kd4 Rc2 34. Rf3 Rd2+ 35. Ke3 Rg2 36. Kd4 Rd2+ 37. Kc4 Re2 38. Kb5 Rxe4 39. Ka6
Re5 40. a4 Kd5 41. Kxa7 Kc4 42. Kxb6 Kxb4 0-1

[Event "2016 Battle of Alberta "]
[Site "Red Deer"]
[Date "2016.09.10"]
[Round "2.2"]
[White "Arruebarrena, Rafael"]
[Black "Haessel, Dale"]
[Result "1/2-1/2"]
[WhiteElo "2356"]
[BlackElo "2316"]
[PlyCount "56"]
[EventDate "2016.09.10"]
[EventType "team-match"]
[EventRounds "2"]
[EventCountry "CAN"]
[WhiteTeam "North"]
[BlackTeam "South"]

1. e4 e5 2. Nf3 Nc6 3. Bb5 Nf6 4. O-O Nxe4 5. d4 Nd6 6. Bxc6 dxc6 7. dxe5 Nf5
8. Qxd8+ Kxd8 9. h3 h5 10. Nc3 Ke8 11. Ne2 Be7 12. Nfd4 c5 13. Nb5 Bd8 14. Bf4
Be6 15. Rfe1 a6 16. Nbc3 Be7 17. Rad1 Rd8 18. a3 g5 19. Bc1 Nd4 20. Nxd4 cxd4
21. Ne4 g4 22. hxg4 hxg4 23. Bg5 Bxg5 24. Nxg5 Ke7 25. Nxe6 Kxe6 26. Re4 c5 27.
Rxg4 Kxe5 28. Re1+ Kd6 1/2-1/2

[Event "2016 Battle of Alberta "]
[Site "Red Deer"]
[Date "2016.09.10"]
[Round "2.3"]
[White "Kazmaier, Daniel"]
[Black "Valencia, Belsar"]
[Result "1/2-1/2"]
[WhiteElo "2292"]
[BlackElo "2344"]
[PlyCount "189"]
[EventDate "2016.09.10"]
[EventType "team-match"]
[EventRounds "2"]
[EventCountry "CAN"]
[WhiteTeam "South"]
[BlackTeam "North"]

1. d4 Nf6 2. Nf3 g6 3. Bf4 Bg7 4. Nc3 d5 5. Qd2 Ne4 6. Nxe4 dxe4 7. Ne5 f6 8.
Nc4 Be6 9. e3 c6 10. Na5 Qc8 11. c4 O-O 12. Qb4 b6 13. Nb3 c5 14. Qd2 Nd7 15.
f3 Bf7 16. fxe4 e5 17. dxe5 Nxe5 18. Bxe5 fxe5 19. Be2 Be6 20. Rf1 Rd8 21. Qc2
Rd6 22. Nd2 Qd8 23. Nf3 Qe7 24. h3 Rad8 25. Kf2 Bc8 26. Rad1 Rxd1 27. Rxd1 Rxd1
28. Qxd1 Be6 29. b3 Bf6 30. Qd3 h5 31. Kg1 Qd7 32. Qb1 Qd6 33. Qe1 Qc6 34. Bd3
Qd6 35. Bc2 Kg7 36. Nd2 Qe7 37. Qg3 Bd7 38. Nf3 Kh6 39. Kf2 Qd6 40. Ke2 Be6 41.
Nd2 Qe7 42. Nb1 Bh4 43. Qf3 Qf6 44. Nc3 Qxf3+ 45. Kxf3 Bd7 46. Nd5 Kg7 47. g3
Bd8 48. h4 Bg4+ 49. Kf2 g5 50. hxg5 Bxg5 51. Ke1 h4 52. gxh4 Bxh4+ 53. Kd2 Bd8
54. Bd1 Be6 55. Nc3 Kf6 56. Bh5 Ke7 57. Ke2 a6 58. Kf3 Kd6 59. Be8 Bh4 60. Na4
Kc7 61. Bg6 Bd7 62. Nc3 b5 63. cxb5 axb5 64. Bf7 Be1 65. Nd5+ Kd6 66. Ke2 Ba5
67. Kd3 Bc6 68. Nf6 Bd8 69. Nh5 Bd7 70. Bg6 Be6 71. Be8 c4+ 72. Kc3 cxb3 73.
axb3 Kc5 74. b4+ Kb6 75. Ng7 Bg4 76. Bh5 Bxh5 77. Nxh5 Bg5 78. Ng3 Bxe3 79. Nf5
Bg5 80. Kd3 Kc6 81. Ke2 Kd7 82. Kd3 Kc6 83. Ng3 Bh4 84. Nf5 Bg5 85. Kc2 Kd7 86.
Ng3 Bf4 87. Ne2 Bh6 88. Nc3 Bf8 89. Nd5 Bd6 90. Kd3 Ke6 91. Ke3 Kf7 92. Kf3 Kg6
93. Kg4 Bf8 94. Nc7 Bxb4 95. Nxb5 1/2-1/2

[Event "2016 Battle of Alberta "]
[Site "Red Deer"]
[Date "2016.09.10"]
[Round "2.4"]
[White "Reeve, Jeff"]
[Black "Shi, Diwen"]
[Result "0-1"]
[WhiteElo "2329"]
[BlackElo "2259"]
[PlyCount "74"]
[EventDate "2016.09.10"]
[EventType "team-match"]
[EventRounds "2"]
[EventCountry "CAN"]
[WhiteTeam "North"]
[BlackTeam "South"]

1. e4 c5 2. Nf3 g6 3. d4 cxd4 4. Nxd4 Bg7 5. c4 Nf6 6. Nc3 d6 7. Be2 O-O 8. O-O
Nc6 9. Nc2 a6 10. Rb1 Rb8 11. a4 Nd7 12. Bd2 Nc5 13. b4 Bxc3 14. Bxc3 Nxe4 15.
Ba1 e5 16. Qe1 Qg5 17. Rd1 Be6 18. Bd3 Nf6 19. Kh1 Nh5 20. b5 Nf4 21. Rg1 Ne7
22. Bf1 Rfd8 23. Qc3 Rbc8 24. g3 Nh3 25. Rg2 Qh5 26. f3 Nd5 27. Qb3 Nb6 28. Na3
axb5 29. axb5 d5 30. Rgd2 d4 31. f4 Nxc4 32. Nxc4 Bd5+ 33. Bg2 Bxc4 34. Qb4
Nf2+ 35. Kg1 Nxd1 36. fxe5 Be6 37. Bxd4 Rc4 0-1

[Event "2016 Battle of Alberta "]
[Site "Red Deer"]
[Date "2016.09.10"]
[Round "2.5"]
[White "Findlay, Ian"]
[Black "MacKinnon, Keith"]
[Result "1/2-1/2"]
[WhiteElo "2253"]
[BlackElo "2270"]
[PlyCount "94"]
[EventDate "2016.09.10"]
[EventType "team-match"]
[EventRounds "2"]
[EventCountry "CAN"]
[WhiteTeam "South"]
[BlackTeam "North"]

1. e4 d5 2. exd5 Qxd5 3. Nc3 Qd6 4. d4 Nf6 5. Nf3 c6 6. Ne5 Nbd7 7. Bf4 Nd5 8.
Nxd5 Qxd5 9. Nc4 Nf6 10. Ne3 Qa5+ 11. c3 Be6 12. Be2 g6 13. O-O Bg7 14. Re1 O-O
15. Bc4 Bxc4 16. Nxc4 Qf5 17. Qd2 Rad8 18. Bc7 Rd7 19. Be5 c5 20. Qe2 cxd4 21.
Bxd4 Ra8 22. a4 Nd5 23. Bxg7 Kxg7 24. g3 f6 25. Ne3 Nxe3 26. Qxe3 e5 27. Red1
a6 28. Qb6 h5 29. h4 Rf8 30. Rd6 Rxd6 31. Qxd6 Qc2 32. Qb6 Rf7 33. a5 Rd7 34.
Re1 Qd2 35. Kf1 Qd5 36. Kg1 Kf7 37. Qe3 Kg7 38. Qb6 Qd2 39. Kf1 Qd3+ 40. Kg1
Qf3 41. Qe3 Qc6 42. b4 Qc4 43. Rc1 Rd5 44. Qb6 Rd7 45. Qe3 Rd3 46. Qb6 Rd7 47.
Qe3 Rd3 1/2-1/2

[Event "2016 Battle of Alberta "]
[Site "Red Deer"]
[Date "2016.09.10"]
[Round "2.6"]
[White "Gardner, Robert"]
[Black "Robichaud, Martin"]
[Result "1-0"]
[WhiteElo "2250"]
[BlackElo "2202"]
[PlyCount "103"]
[EventDate "2016.09.10"]
[EventType "team-match"]
[EventRounds "2"]
[EventCountry "CAN"]
[WhiteTeam "North"]
[BlackTeam "South"]

1. d4 d5 2. c4 dxc4 3. e4 e5 4. dxe5 Qxd1+ 5. Kxd1 Nc6 6. f4 Bg4+ 7. Be2 O-O-O+
8. Bd2 Bxe2+ 9. Nxe2 g5 10. g3 gxf4 11. gxf4 Bh6 12. Rf1 Nge7 13. a4 Rhg8 14.
Ra3 Rg2 15. Rh3 Ng8 16. Rff3 Nb4 17. Rfg3 Rxg3 18. hxg3 Nd3 19. Kc2 Nf2 20. Rh2
Nxe4 21. Be1 Nc5 22. g4 Bf8 23. Rxh7 f6 24. Bh4 Re8 25. Nbc3 fxe5 26. f5 Nh6
27. Nd5 Nd7 28. Ne3 Bc5 29. Rxh6 Bxe3 30. g5 e4 31. Rh7 Rg8 32. g6 Nf8 33. Re7
Nxg6 34. fxg6 Rxg6 35. Rxe4 Bb6 36. Rxc4 c6 37. Re4 Rg7 38. Nd4 Rg2+ 39. Kb3 c5
40. Nb5 Rh2 41. Re8+ Kd7 42. Re7+ Kc6 43. Be1 c4+ 44. Ka2 Bc5 45. Rc7+ Kb6 46.
Ba5+ Kxa5 47. Rxc5 a6 48. Nd6+ b5 49. axb5 axb5 50. Rxb5+ Ka4 51. Rc5 Rc2 52.
Rxc4+ 1-0

[Event "2016 Battle of Alberta "]
[Site "Red Deer"]
[Date "2016.09.10"]
[Round "2.7"]
[White "Rekhson, Vladislav"]
[Black "Caldera, Anuar"]
[Result "0-1"]
[WhiteElo "2201"]
[BlackElo "2245"]
[PlyCount "86"]
[EventDate "2016.09.10"]
[EventType "team-match"]
[EventRounds "2"]
[EventCountry "CAN"]
[WhiteTeam "South"]
[BlackTeam "North"]

1. e4 e5 2. Nf3 Nc6 3. Bb5 Nge7 4. O-O g6 5. c3 Bg7 6. d4 exd4 7. cxd4 a6 8.
Bc4 O-O 9. Nc3 b5 10. Bb3 d6 11. h3 Na5 12. Bc2 Bb7 13. Bg5 h6 14. Bh4 Qd7 15.
Rc1 Nc4 16. b3 Nb6 17. Qd2 f5 18. Bxe7 Qxe7 19. Rfe1 b4 20. Nd5 Nxd5 21. exd5
Qf7 22. Qxb4 Bxd5 23. Bd3 a5 24. Qd2 g5 25. Bc4 g4 26. Re7 Qxe7 27. Bxd5+ Kh8
28. Bxa8 Rxa8 29. hxg4 fxg4 30. Nh2 h5 31. Nf1 Rf8 32. Qxa5 c5 33. dxc5 Bd4 34.
Rc2 dxc5 35. Qa6 Qg5 36. Ng3 Kg7 37. b4 h4 38. Ne4 Qf5 39. Rxc5 Bxc5 40. Nxc5
Qxf2+ 41. Kh2 g3+ 42. Kh3 Qf5+ 43. Kxh4 Qf4+ 0-1

[Event "2016 Battle of Alberta "]
[Site "Red Deer"]
[Date "2016.09.10"]
[Round "2.8"]
[White "Villavieja, Butch"]
[Black "Leuchanka, Siarhei"]
[Result "1-0"]
[WhiteElo "2166"]
[BlackElo "2193"]
[PlyCount "110"]
[EventDate "2016.09.10"]
[EventType "team-match"]
[EventRounds "2"]
[EventCountry "CAN"]
[WhiteTeam "North"]
[BlackTeam "South"]

1. e4 b6 2. d4 Bb7 3. Bd3 e6 4. Nf3 d5 5. Qe2 Be7 6. e5 c5 7. c3 Qc8 8. O-O Ba6
9. Na3 Bxd3 10. Qxd3 c4 11. Qd1 Nc6 12. Nc2 a6 13. Bd2 Bd8 14. Re1 Nge7 15. Ng5
h6 16. Qh5 Ng6 17. Nh3 Nh4 18. Ne3 g6 19. Qe2 Ne7 20. Ng4 Ng8 21. g3 Nf5 22.
Qf3 h5 23. Ne3 Ngh6 24. Nf4 Nxe3 25. Bxe3 Be7 26. Bd2 Nf5 27. Ng2 Qd8 28. h3
Bg5 29. Rad1 Bxd2 30. Rxd2 Qg5 31. Rde2 b5 32. Nf4 Rb8 33. a3 a5 34. Kh2 O-O
35. h4 Qe7 36. Ng2 b4 37. axb4 axb4 38. Ne3 Nxe3 39. Rxe3 bxc3 40. bxc3 Ra8 41.
Kh3 Rfb8 42. Rg1 Kg7 43. g4 hxg4+ 44. Rxg4 Rh8 45. Qg3 Rh5 46. Rf3 Rf5 47. Rxf5
exf5 48. Rg5 Ra3 49. Kg2 Qe6 50. h5 Ra1 51. hxg6 fxg6 52. Rh5 Ra8 53. Qg5 Rg8
54. Rh1 Re8 55. Qh6+ Kg8 1-0

[Event "2016 Battle of Alberta "]
[Site "Red Deer"]
[Date "2016.09.10"]
[Round "2.9"]
[White "Boehmer, Kris"]
[Black "Hughey, Micah"]
[Result "1/2-1/2"]
[WhiteElo "2191"]
[BlackElo "2117"]
[PlyCount "129"]
[EventDate "2016.09.10"]
[EventType "team-match"]
[EventRounds "2"]
[EventCountry "CAN"]
[WhiteTeam "South"]
[BlackTeam "North"]

1. d4 d5 2. c4 e6 3. Nf3 c5 4. cxd5 exd5 5. g3 Nc6 6. Bg2 Nf6 7. O-O Be7 8. Nc3
O-O 9. dxc5 d4 10. Na4 Bf5 11. Bf4 Be4 12. Rc1 Qd5 13. Qb3 Qh5 14. Rfd1 Rad8
15. Qxb7 d3 16. Nc3 dxe2 17. Rxd8 Rxd8 18. Nxe4 Nxe4 19. Ne1 Qg6 20. Qa6 Bxc5
21. Bxe4 Qxe4 22. Rxc5 Rd1 23. Rc1 g5 24. Qc8+ Kg7 25. Qg4 h6 26. Rxd1 exd1=Q
27. Qxd1 gxf4 28. Qg4+ Kh7 29. Nf3 Qb1+ 30. Kg2 fxg3 31. hxg3 a5 32. Qd7 Qg6
33. Nh4 Qe4+ 34. Kh2 Ne5 35. Qf5+ Qxf5 36. Nxf5 Nd3 37. b3 Nxf2 38. Nd6 Nd3 39.
Nxf7 Nc1 40. Nd6 Nxa2 41. Nc4 Nb4 42. Nxa5 Kg6 43. Kh3 Kg5 44. Nc4 Nd3 45. Nd2
Nf2+ 46. Kg2 Nd3 47. Kh3 Nf2+ 48. Kg2 Nd3 49. Kf3 h5 50. Ne4+ Kf5 51. Ke3 Nb4
52. Nf2 Kg5 53. Ke4 h4 54. g4 Nc2 55. Kd3 Nb4+ 56. Kc4 Na2 57. Kd4 Kf4 58. Kc4
Kf3 59. g5 Kxf2 60. g6 h3 61. g7 h2 62. g8=Q h1=Q 63. Qf7+ Ke2 64. Qe6+ Kd2 65.
Qd5+ 1/2-1/2

[Event "2016 Battle of Alberta "]
[Site "Red Deer"]
[Date "2016.09.10"]
[Round "2.10"]
[White "Kalisvaart, Peter"]
[Black "Tam, Erik"]
[Result "1-0"]
[WhiteElo "2107"]
[BlackElo "2142"]
[PlyCount "105"]
[EventDate "2016.09.10"]
[EventType "team-match"]
[EventRounds "2"]
[EventCountry "CAN"]
[WhiteTeam "North"]
[BlackTeam "South"]

1. d4 d6 2. c4 e5 3. dxe5 dxe5 4. Qxd8+ Kxd8 5. Nc3 Be6 6. e4 c6 7. f4 f6 8.
Nf3 Nd7 9. fxe5 fxe5 10. Ng5 Ke7 11. g3 Ngf6 12. Nxe6 Kxe6 13. Bh3+ Kf7 14. Bg5
Bc5 15. O-O-O h6 16. Rhf1 Rad8 17. Rxd7+ Rxd7 18. Bxf6 Be3+ 19. Kb1 Rd2 20.
Bxe5+ Rf2 21. Rxf2+ Bxf2 22. Kc2 Re8 23. Bd6 Bg1 24. e5 Bxh2 25. e6+ Rxe6 26.
Bxe6+ Kxe6 27. Bb8 h5 28. Kd3 Bg1 29. Ne2 Bf2 30. Nf4+ Kf5 31. Nxh5 g6 32. Ke2
Bd4 33. Nf4 Bxb2 34. Kf3 Bd4 35. g4+ Kf6 36. Ne2 Bc5 37. Ng3 Bg1 38. Ne4+ Ke6
39. Ng5+ Kf6 40. Nh3 Bc5 41. Ke4 b5 42. g5+ Ke6 43. Nf4+ Kf7 44. cxb5 cxb5 45.
Kd5 Be3 46. Kc6 b4 47. Kb5 Bd2 48. Bd6 a5 49. Ka4 Kg7 50. Nh3 Kf7 51. Bc7 Ke6
52. Bxa5 b3 53. axb3 1-0